| 000 | 00844cab a2200217 4500 | ||
|---|---|---|---|
| 001 | ABS40043 | ||
| 008 | 090401t1988 xxu||||| |||| 00| 0 eng d | ||
| 035 | _a(Sirsi) u20951 | ||
| 041 | _aeng | ||
| 100 | _aBrown, P. K. | ||
| 245 | _a1990 revaluation - some issues affecting rental analysis - II and III | ||
| 260 | _c1988 | ||
| 350 | _a0 | ||
| 490 |
_aRating and Valuation _vAugust/September 1988, 231-232 |
||
| 520 | _aExamines some of the important issues to be considered when analysing rental evidence. Deals with capital expenditure and improvements, Landlord and Tenant Acts, reverse premiums, tender rents, rent free periods, standard of repair and service charges. Includes worked examples. | ||
| 650 | _aCOMMUNITY CHARGE | ||
| 650 | _aDOMESTIC RATES | ||
| 690 | _aRATING AND VALUATION | ||
| 942 | _n0 | ||
| 948 | _c04/03/1997 | ||
| 999 |
_c14051 _d14051 |
||